Guide to electronic measurements and laboratory practice
Guardado en:
| Autor principal: | |
|---|---|
| Formato: | Libro |
| Lenguaje: | Spanish |
| Publicado: |
Englewood Cliffs, N.J. : Prentice Hall,
1973
|
| Colección: | Prentice-Hall electrical engineering series
|
| Materias: | |
| Etiquetas: |
Agregar Etiqueta
Sin Etiquetas, Sea el primero en etiquetar este registro!
|
MARC
| LEADER | 00000nam a2200000Ia 4500 | ||
|---|---|---|---|
| 003 | 000561 | ||
| 005 | 20221231144010.0 | ||
| 008 | 140114s9999 njua 000 ||spa d | ||
| 040 | |c cru CEDI | ||
| 082 | |a 621.381.5 W855g | ||
| 100 | |a Wolf, Stanley |9 19139 | ||
| 245 | |a Guide to electronic measurements and laboratory practice | ||
| 260 | |a Englewood Cliffs, N.J. : Prentice Hall, |c 1973 | ||
| 300 | |a xv, 494 páginas : ilustraciones ; 24 cm. | ||
| 440 | |a Prentice-Hall electrical engineering series |9 19153 | ||
| 650 | |x ELECTRONICA - MEDICION |x ELECTRONICA - APARATOS E INSTRUMENTOS |9 19141 | ||
| 942 | |2 ddc |c BK | ||
| 999 | |c 15416 |d 15416 | ||
